=LDR 00000nam 2200000 4500 =001 INLIS000000000047242 =005 20150917174238.0 =006 =007 =008 =020 ##$$a 978-979-018-991-1 =035 ##$$0010-091500000000072 =040 ##$$a ind =082 ##$$a 531.6 =090 ##$$a 531.6 $b Che =100 ##$$a Cheshire, Gerard =245 ##$$a Gaya dan gerak =250 ##$$a Cet. 1 =260 ##$$a Solo $b Tiga Serangkai $c 2008 =300 ##$$a 48 hlmn $b 23 cm =850 ##$$a NBPDMAT =990 ##$$a 0001/BPAP-NTB/2015